00426nam a2200157Ia 4500008004100000040001900041041001200060082002400072245002300096260004800119300002500167504001900192650001400211651002500225850001800250131103s9999 xx 000 0 und d aLoreto College aEnglish a372/PRIbLCBED/1622 aPrimary education  aLondonbHer Majesty Stationery Officec1959 axiii,,334p. c 20cm. aIncludes index aEducation aElementary education aLCBED/372/PRI